ბათუმის შოთა რუსთაველის სახელმწიფო უნივერსიტეტის ბიბლიოთეკა

სამშენებლო ინდუსტრიის მექანიკური მოწყობილობის დაგეგმარების საფუძვლები : (ბიბ.ჩანაწერი № 38944)

000 -ლიდერი
ფიქსირებული სიგრძის საკონტროლო ველი 01159nam a2200217Ia 4500
001 - საკონტროლო ნომერი
საკონტროლო ველი 5381
003 - საკონტროლო ნომრის იდენტიფიკატორი
საკონტროლო ველი GE_BSU
005 - ბოლო ოპერაციის თარიღი და დრო
საკონტროლო ველი 20190514150402.0
008 - ფიქსირებული სიგრძის მონაცემთა ელემენტები - ზოგადი ინფორმაცია
ფიქსირებული სიგრძის საკონტროლო ველი 181216s1983||||ge |||||||||||||| ||geo||
040 ## - კატალოგიზაციის წყარო
Transcribing agency GE_BSU
041 ## - ენის კოდი
Language code of text/sound track or separate title geo
080 ## - უნივერსალური ათობითი კლასიფიკაციის ინდექსი
Universal Decimal Classification number 69.002.5 ქ-27
100 ## - მთავარი ჩანაწერი - პიროვნების სახელი
Personal name ქართველიშვილი, მ.
9 (RLIN) 1105
245 ## - ცნობა სათაურის შესახებ
Title სამშენებლო ინდუსტრიის მექანიკური მოწყობილობის დაგეგმარების საფუძვლები :
Remainder of title დამხმ.სახელმძღვ. /
Statement of responsibility, etc მ. ქართველიშვილი ; რედ. მ. ძიძიგური.
264 ## - წარმოების, გამოცემის, დისტრიბუციის და სხვა ცნობები
გამოცემის, წარმოების, დისტრიბუციის... ადგილი თბილისი :
გამოცემის, წარმოების, დისტრიბუციის... სახელწოდება სპი,
გამოცემის, წარმოების, დისტრიბუციის... თარიღი 1983.
300 ## - ფიზიკური აღწერა
Extent 102 გვ. :
Other physical details ილ. ;
Dimensions 20 სმ.
505 ## - FORMATTED CONTENTS NOTE
Formatted contents note ბიბლიოგრ. : გვ.100.
653 ## - INDEX TERM--UNCONTROLLED
Uncontrolled term სამშენებლო ინდუსტრიის მექანიკური მოწყობილობის დაგეგმარების საფუძვლები
700 ## - ADDED ENTRY--PERSONAL NAME
Personal name ძიძიგური, მ.
Relator term რედაქტორი
9 (RLIN) 472
942 ## - ADDED ENTRY ELEMENTS (KOHA)
Koha item type წიგნი
Source of classification or shelving scheme
ეგზემპლარები
ჩამოწერის სტატუსი დაკარგული ეგზემპლარის სტატუსი კლასიფიკაციის წყარო ან თაროზე გაწყობის სქემა დაზიანების სტატუსი არ გაიცემა მუდმივი მდებარეობა (დაცვის ადგილი) ამჟამინდელი ადგილსამყოფელი თაროზე განთავსების ადგილი შეძენის თარიღი ღირებულება, შესყიდვის ნორმალური ფასი სრული შენახვის შიფრი შტრიხკოდი ბოლო ოპერაციის თარიღი ეგზემპლარის მიმდევრობითი ნომერი (კეტერი?) ფასის ძალაში შესვლის თარიღი ეგზემპლარის სახეობა საჯარო შენიშვნა
          ტექნოლოგიური ფაკულტეტის ბიბლიოთეკა ტექნოლოგიური ფაკულტეტის ბიბლიოთეკა წიგნსაცავი 2018-12-17 0.34 69.002.5 ქ-27 11831 2018-12-17 11831 2018-12-17 წიგნი 0.34 ლ.
          ტექნოლოგიური ფაკულტეტის ბიბლიოთეკა ტექნოლოგიური ფაკულტეტის ბიბლიოთეკა წიგნსაცავი 2018-12-17 0.34 69.002.5 ქ-27 11832 2018-12-17 11832 2018-12-17 წიგნი 0.34 ლ.
          ტექნოლოგიური ფაკულტეტის ბიბლიოთეკა ტექნოლოგიური ფაკულტეტის ბიბლიოთეკა წიგნსაცავი 2018-12-17 2.34 69.002.5 ქ-27 11833 2018-12-17 11833 2018-12-17 წიგნი 2.34 ლ.